000 00639nam a22002297a 4500
001 0074
003 DO-SdBNP
005 20180125130258.0
007 0074
008 151027b pe 2011 xxu||||| |||| 00| 0 spa d
020 _a9786124103124
040 _aBPMSU
_bspa
_cBPMSU
092 _axxxxxxx
_bxxxxxxx
100 1 0 _aTolstoi, León
245 1 3 _aLa guerra y la paz /
_cLeón Tolstoi ; ilustración Gerson Jara Morales
260 _aLima, Perú :
_bEducativa,
_c2011.
300 _a103 p. :
_bil.,
_c19 cm.
700 1 0 _aJara Morales, Gerson,
_eil.
942 _2ddc
_cBK
945 _ainventariado, 2018 / dg
956 _aBrenda Tavárez
999 _c8481
_d8481